000
00243nam a2200109 4500
082
_a
AST
100
_a
ASTM
245
_a
HAZARDOUS AND INDUSTRIAL SOLID WASTE TESTING STP 805
260
_a
USA:
_b
ASTM,
_c
1983.
300
_a
339p. ;
942
_c
BK
999
_c
10001
_d
10001